Μελέτη μεταπυρικής αναγέννησης τραχείας πεύκης (Pinus brutia) σε καμένη έκταση της Λέσβου : μεταπτυχιακή διατριβή

Αποθηκεύτηκε σε:
Λεπτομέρειες βιβλιογραφικής εγγραφής
Κύριος συγγραφέας: Φεβρανόγλου, Πέτρος
Συγγραφή απο Οργανισμό/Αρχή: Πανεπιστήμιο Αιγαίου Σχολή Περιβάλλοντος Τμήμα Περιβάλλοντος Πρόγραμμα Μεταπτυχιακών Σπουδών Γεωργία και Περιβάλλον
Άλλοι συγγραφείς: Κουτσίδου, Ευγενία (Εισηγητής διατριβής)
Μορφή: Thesis Βιβλίο
Γλώσσα:Greek
Δημοσίευση: Μυτιλήνη : Πανεπιστήμιο Αιγαίου, Τμήμα Περιβάλλοντος, Μεταπτυχιακό Πρόγραμμα Σπουδών Γεωργία και Περιβάλλον, 2005
Θέματα:
Ετικέτες: Προσθήκη ετικέτας
Δεν υπάρχουν, Καταχωρήστε ετικέτα πρώτοι!

MARC

LEADER 00000cam a2200000 i 4500
001 1/26524
008 060320s2005 gre d
035 |l 10083179 
040 |a GR-MY-UA  |b gre  |e aacr 
041 0 |a gre 
082 0 |a 585.217  |2 (22) 
100 1 |a Φεβρανόγλου, Πέτρος. 
245 1 0 |a Μελέτη μεταπυρικής αναγέννησης τραχείας πεύκης (Pinus brutia) σε καμένη έκταση της Λέσβου :  |b μεταπτυχιακή διατριβή /  |c Φεβρανόγλου Πέτρος ; υπεύθυνη καθηγήτρια Ευγενία Κουτσίδου 
260 |a Μυτιλήνη :   |b Πανεπιστήμιο Αιγαίου, Τμήμα Περιβάλλοντος, Μεταπτυχιακό Πρόγραμμα Σπουδών Γεωργία και Περιβάλλον,   |c 2005 
300 |a 75 σ.;  |b πιν., εικ., διαγρ.;  |c 30 εκ. 
502 # # |a Διατριβή (μεταπτυχιακή) – Πανεπιστήμιο Αιγαίου, Λέσβος, 2005. 
504 |a Βιβλιογραφία: 67-75 
650 0 0 |a Pine  |z Greece  |z Lesbos Island. 
650 0 0 |a Forest ecology. 
650 0 0 |a Forest regeneration  |z Greece  |z Lesbos Island. 
650 0 0 |a Dissertations, Academic  |z Greece. 
700 1 |a Κουτσίδου, Ευγενία.  |4 ths 
710 2 |a Πανεπιστήμιο Αιγαίου  |b Σχολή Περιβάλλοντος  |b Τμήμα Περιβάλλοντος  |b Πρόγραμμα Μεταπτυχιακών Σπουδών Γεωργία και Περιβάλλον. 
852 |a INST  |b LESVOS  |c DIATR  |e 20060320  |h 85  |p 005100035473  |q 005100035473  |t MTXE  |y 23 
852 |a INST  |b LESVOS  |c DIATR  |e 20060320  |h 86  |p 005100035451  |q 005100035451  |t MTXE  |y 23 
901 |a BIBL1-2006-1 
909 |a Λ  |b 125725 
909 |a Λ  |b 125724 
924 |a ΦΕΒΡΑΝΟΓΛΟΥ  |b ΠΕΤΡΟΣ  |y ΛΕΣΒΟΣ  |z 2006-02 
970 |a ΜΑΡΙΝΑΤΟΥ  |b ΜΥΡΣΙΝΗ  |z 2006/03/20